000 00538nam a2200157 i 4500
001 171783
003 ES-MaACL
005 20230906214730.0
008 090601s1886 sp |||| | spa d
110 1 _aEspaña.
_bCuerpo de Estado Mayor del Ejército.
_9140419
245 1 3 _aEl Cuerpo de Estado Mayor del Ejercito.
260 _aMadrid :
_b[s.n.],
_c1886 (
_fImp. de A. Pérez Dubrull)
300 _a263 p., [3] h. pleg. ;
_c20 cm.
610 1 _aEspaña.
_bCuerpo de Estado Mayor del Ejército.
_9140419
852 _aES-MaACL
_jT-467-F-12
999 _c171783
_d171783